Catalog

Record Details

Catalog Search



Available copies

  • 1 of 1 copy available at LARL/NWRL Consortium. (Show)
  • 1 of 1 copy available at Northwest Regional Library.

Current holds

0 current holds with 1 total copy.

Show Only Available Copies
Location Call Number / Copy Notes Barcode Shelving Location Status Due Date
Roseau Public Library pb BIS (Text) 35500006090458 Main Available -

Record details

  • ISBN: 9780451461261
  • ISBN: 0451461266
  • ISBN: 9780451461544 (pbk)
  • Physical Description: 436 p. ; 24 cm.
  • Publisher: New York : Roc, 2007.
Subject: Adult Science Fiction
Genre: Fantasy fiction.
LDR 01025nam a22003018a 4500
00177666
003LARL_NWRL_CONSORTIUM
00520180906155854.0
008060628s2007 nyu 000 0 eng
020 . ‡a9780451461261
020 . ‡a0451461266
020 . ‡a9780451461544 (pbk)
035 . ‡a(OCoLC)70230706
08200. ‡a813/.6 ‡222
1001 . ‡aBishop, Anne. ‡0(LARL_NWRL_CONSORTIUM)74458
24510. ‡aBelladonna ‡n#2 / ‡cAnne Bishop.
260 . ‡aNew York : ‡bRoc, ‡c2007.
300 . ‡a436 p. ; ‡c24 cm.
4900 . ‡aEphemera ; ‡v2
650 . ‡aAdult Science Fiction
655 7. ‡aFantasy fiction. ‡2gsafd
901 . ‡a77666 ‡bOCLC ‡c77666 ‡tbiblio

Additional Resources